| 000 | 00940cam a2200217 4500 | ||
|---|---|---|---|
| 082 |
_a515.63 _bMIC _cL-1, P-24 |
||
| 100 | 1 |
_aMichal, Aristotle D., _939298 |
|
| 245 | 1 | 0 |
_aMatrix and tensor calculus, _bwith applications to mechanics, elasticity, and aeronautics, _cby Aristotle D. Michal ... |
| 250 | _a1st ed. | ||
| 260 |
_aNew York, _bJ. Wiley & Sons, inc.; _aLondon, _bChapman & Hall, limited _c[1947] |
||
| 300 |
_axiii, 132 p. _c24 cm. _bill. ; |
||
| 490 | 1 | _aGalcit aeronautical series | |
| 500 | _a"Based on a series of lectures ... given under the sponsorship of the Engineering, science, and management war training (ESMWT) program, from August 1942 to March 1943."--Pref. | ||
| 526 |
_a0 _b0 _c0 _d515_630000000000000_MIC |
||
| 526 |
_a0 _b0 _c0 _d515_630000000000000_MIC |
||
| 650 | 0 |
_aCalculus of tensors. _939299 |
|
| 650 | 0 |
_aMatrices. _92986 |
|
| 650 | 0 |
_aNUST _96342 |
|
| 700 |
_aD. Michal Aristotle _939300 |
||
| 942 |
_2ddc _cBK |
||
| 999 |
_c543802 _d543802 |
||